000 01307nab a2200241 i 4500
001 768714001
003 CO-MdFUSB
005 20240802105947.0
008 240802t1994 -us||||| |||| 00| 0 eng d
040 _bspa
_cCO-MdFUSB
_dCO-MdFUSB
041 _aeng
100 _aNeely, Alan,
_d1928-2003
_eautor
245 1 4 _aThe parliaments of the world's religions :
_b1893 and 1993
_c/ Alan Neely
520 _aLos planificadores del primer parlamento enviaron invitaciones a más de diez mil líderes religiosos del mundo, pero, aparte de los cristianos, el número de los que asistieron fue relativamente pequeño. El Congreso de 1993 exhibió un aspecto importante, que fue la creciente presencia en Estados Unidos de personas de religiones que tradicionalmente se han visto más afectadas por los esfuerzos misioneros y de enseñanza católicos.
546 _aTexto en inglés.
650 7 _aPluralismo religioso
_9446
650 0 _aReligiones universales
_91029
650 7 _aAntropología cultural y social
_96714
650 0 _aEvangelización
_9362
773 0 _049483
_982889
_oR2718
_tInternational Bulletinof Missionary Research
_w(CO-MdFUSB)768714001
_x0272-6122
_gVolumen 148, (número 2, 1994), páginas: 60 - 64
_qpágina: 60
942 _cANA
945 _aCatherine Arias Álvarez - Practicante SENA
999 _c70731
_d70731